Diccionario técnico de la música / (Record no. 161611)

MARC details
000 -LEADER
campo de control de longitud fija 00871nam a2200241 i 4500
001 - NÚMERO DE CONTROL
campo de control 161611
003 - IDENTIFICADOR DE NÚMERO DE CONTROL
campo de control ES-MaACL
005 - FECHA Y HORA DE LA ÚLTIMA TRANSACCIÓN
campo de control 20230906212325.0
008 - DATOS DE LONGITUD FIJA--INFORMACIÓN GENERAL
campo de control de longitud fija 940301q1899 sp a d |||| | spa d
040 ## - FUENTE DE CATALOGACIÓN
Centro catalogador/agencia de origen AS
Lengua de catalogación spa
080 ## - NÚMERO DE LA CLASIFICACIÓN DECIMAL UNIVERSAL
Número de la Clasificación Decimal Universal 78(038)
100 1# - ENTRADA PRINCIPAL--NOMBRE DE PERSONA
Nombre de persona Pedrell, Felipe,
Fechas asociadas al nombre 1841-1922
9 (RLIN) 89905
245 10 - MENCIÓN DEL TÍTULO
Título Diccionario técnico de la música /
Mención de responsabilidad, etc. escrito con presencia de las obras más notables... por Felipe Pedrell.
250 ## - MENCION DE EDICION
Mención de edición 2ª ed.
260 ## - PUBLICACIÓN, DISTRIBUCIÓN, ETC.
Lugar de publicación, distribución, etc. Barcelona :
Nombre del editor, distribuidor, etc. Isidro Torres Oriol,
Fecha de publicación, distribución, etc. [ca. 1899]
300 ## - DESCRIPCIÓN FÍSICA
Extensión 529 p. :
Otras características físicas il. ;
Dimensiones 28 cm.
530 ## - NOTA DISPONIBLE DE FORMULARIO FÍSICO ADICIONAL
Nota de formato físico adicional disponible Disponible en formato digital.
596 ## - NOTA AL PIE DE IMPRENTA
NOTA AL PIE DE IMPRENTA The new Grove, 14, 331 la fecha en 1899.
650 #4 - PUNTO DE ACCESO ADICIONAL DE MATERIA--TÉRMINO DE MATERIA
Término de materia o nombre geográfico como elemento de entrada Música-
Subdivisión de forma Diccionarios.
9 (RLIN) 15382
852 ## - LOCALIZACIÓN
Ubicación ES-MaACL
Número de control de estantería G-2995
Nota libre -- Enc. tela
856 ## - LOCALIZACIÓN Y ACCESO ELECTRÓNICOS
Identificador Uniforme de Recursos <a href="http://bdh-rd.bne.es/viewer.vm?id=0000008699&page=1 ">http://bdh-rd.bne.es/viewer.vm?id=0000008699&page=1 </a>
Nota pública Biblioteca Digital Hispánica
Holdings
Estatus retirado Estado de pérdida Estado de daño No para préstamo Colección Biblioteca de origen Biblioteca actual Ubicación en estantería Fecha de adquisición Fuente de adquisición Total de préstamos Signatura topográfica completa Código de barras Visto por última vez Precio de reemplazo Tipo de ítem Koha
        Colección digital Biblioteca del Ateneo de Madrid Biblioteca del Ateneo de Madrid Depósito 2 17/01/2008     G-2995 1169289 23/02/2023 23/02/2023 Libro impreso antiguo